Les 10 pays les plus récents/jeunes - Statistiques

Statistiques générales
  • Ce quiz a été pris 112 fois
    87 depuis la dernière actualisation
  • Le résultat moyen est 5 sur 10
Statistiques - réponses
Hint Réponse % Correct
2011 Soudan du sud
89%
2006 Monténégro
65%
1992 Bosnie-Herzégovine
54%
1991 Ukraine
53%
1991 Macédoine du nord
52%
1993 République tchèque / Slovaquie
49%
1991 Kazakhstan
44%
2002 Timor-oriental
37%
1993 Érythrée
27%
1994 Palaos
20%
Aucun quiz correspondant
Distribution des résultats
% des personnes avec chaque résultat
Percentile par nombre de réponses
Votre historique - résultats
Vous n’avez pas pris ce quiz depuis la dernière actualisation